000 00554nam a22001697a 4500
999 _c189344
_d189344
005 20220624104331.0
010 _avivek
020 _a9788195021758
_c270.00
037 _bSahitya Akademi
100 _aE.V. Ramakrishnan
245 _aLiterary criticism in India:Texts, Trends & Trajectories
_cE.V. Ramakrishnan
260 _aNew Delhi
_bSahitya Akademi
_c2021
270 _aRabindra Bhavan, 35, Ferozeshah Road
_bNew Delhi
_e110001
300 _axxv,266p.
_bill.
_c21.5cm(Pb)
500 _aReferences, Notes on Contributors
942 _2ddc
_cEN
_e2021
_kRAM